|
|
|
|
| LEADER |
00000cas a2200000 4500 |
| 001 |
000001911437 |
| 005 |
20111111141335.0 |
| 007 |
cr|||| |||| |
| 008 |
751101u19629999nyuar i0 a0eng |
| 022 |
|
|
|a 0082-8297
|
| 035 |
|
|
|a 6024
|
| 040 |
|
|
|d vLex
|
| 090 |
|
|
|c 2765
|d 2765
|
| 110 |
2 |
|
|a United Nations.
|
| 245 |
1 |
0 |
|a United Nations juridical yearbook.
|h [Recurso electrn̤ico]
|
| 256 |
|
|
|a Servicio en ln̕ea
|
| 260 |
|
|
|a New York,
|b United Nations.
|
| 300 |
|
|
|a 1 recurso electrn̤ico
|
| 362 |
0 |
|
|a 1962-
|
| 490 |
1 |
|
|a [Document] - United Nations ST/LEG/Ser. C
|
| 506 |
1 |
|
|a Contenido solo disponible en los productos indicados
|d vLex Global
|d vLex Global (Academic Edition, excluding Law Schools)
|d vLex Global (U.S. Academic Edition, Law Schools)
|d vLex Global (U.S. Academic Edition, excluding Law Schools)
|d vLex Global (Academic Edition, Law Schools)
|
| 650 |
|
0 |
|a United Nations
|x Periodicals.
|
| 740 |
0 |
|
|a vLex Revistas (Servicio en ln̕ea)
|
| 856 |
4 |
0 |
|u http://vlex.com/source/6024
|z Acceso restringido
|
| 942 |
|
|
|c REV
|